000 00398nam a2200157Ia 4500
003 GCL
008 140319s9999 xx 000 0 eng d
040 _aGCL /
_cGCL
082 0 4 _a746.92
_bB H
100 1 _aBOUCHER, FRANCOIS
245 1 0 _aHISTOIRE DU COSTUME /
_cBOUCHER, FRANCOIS
260 _a[S.N] :
_bFLAMMARION ،
_c1983
300 _a464
650 0 4 _aHISTORY OF COSTUME
942 _2ddc
_cBK
999 _c24738
_d24738